000 00496nam a2200169Ia 4500
999 _c14582
_d14582
003 OSt
005 20201007134652.0
008 190216s9999||||xx |||||||||||||| ||und||
040 _coclc
082 _a820.9928
_bAGA/W
100 _aAgarwal, Beena
_95401
245 0 _aWomen Writers And Indian Diaspora /
_cBeena Agarwal
260 _bAuthorspress,
_c2011.
_anew delhi:
300 _a189p
650 _aEnglish-Essays
942 _cBK
_2ddc
_h820.9928
_iAGA/W
_k820.9928
_mAGA/W